Normal view
MARC view
- Juranville, Clarisse,
Entry Nombre Personal
001 - NUMERO DE CONTROL
- campo de control: 53801
003 - IDENTIFICADOR DE NUMERO DE CONTROL
- campo de control: DLC
005 - FECHA Y HORA DE LA ÜLTIMA TRANSACCIÓN
- campo de control: 20240930160737.0
008 - DATOS DE LONGITUD FIJA
- campo de control de longitud fija: 240930|| aca||aabn | aaa d
010 ## - NÚMERO DE CONTROL DE LA BIBLIOTECA DEL CONGRESO
- Número de control LC: nb2009005023
035 ## - NUMERO DE CONTROL
- Número de control: (Uk)007371479
040 ## - FUENTE DE CATALOGACIÓN
- Agencia original de catalogación: Uk
- Lenguaje de catalogación: spa
- Agencia de transcripción: Uk
- Agencia que lo modifica: DLC
- Agencia que lo modifica: MX-MxUPN
046 ## - FECHAS CON CODIFICACIÓN ESPECIAL
- Fecha de nacimiento: 1826
100 1# - ENCABEZAMIENTO - NOMBRE PERSONAL
- Nombre personal: Juranville, Clarisse,
- Fechas asociadas con el nombre: 1826-
670 ## - FUENTE EN LA QUE SE LOCALIZARON DATOS
- Cita de la fuente: Autoridades LC, 30 septiembre 2024 :
- Información localizada: (Juranville, Clarisse, 1826-)
- Uniform Resource Identifier: https://lccn.loc.gov/nb2009005023
902 ## - CATALOGADOR
- Catalogador: MaríaRobles/300924
